Canstruction: Brands, Logos & Products Quiz Stats

 Plays Quiz Updated Mar 26, 2018

Also try: Flags of Food
Challenge
Share
Tweet
Score 0/20 Timer 04:00
2 Plays Today
Hint Answer % Correct
McDonalds French Fries
98%
Spam
96.7%
Pez Dispenser
95.9%
Coke bottles
94.9%
Crayola Crayons
94.3%
Apple iPod
92.7%
Kodak Film
92%
Campbell's Tomato Soup
90%
Converse All-Stars
89.3%
Volkswagen Beetle
89%
Hint Answer % Correct
Kool-Aid Man
88.1%
Mr. Peanut
83.7%
Elmer's Glue
82.2%
Pillsbury Dough Boy
81.9%
Oreos and milk
81.1%
Quaker Oats
79.1%
Hamburger Helper
77.4%
Android
59.9%
Smart Car
53.3%
KitchenAid Mixer
53.1%

You're not logged in!

Compare scores with friends on all Sporcle quizzes.
OR
Log In

You Might Also Like...

Show Comments

Extras

Top Quizzes Today


Score Distribution

Your Account Isn't Verified!

In order to create a playlist on Sporcle, you need to verify the email address you used during registration. Go to your Sporcle Settings to finish the process.

Report this User

Report this user for behavior that violates our Community Guidelines.

Details: